Nemecko-slovenský ekonomický slovník
Salvato in:
| Autore principale: | |
|---|---|
| Altri autori: | , |
| Natura: | Libro |
| Lingua: | tedesco slovacco |
| Pubblicazione: |
Bratislava
Slovenské pedagogické nakladateľstvo
2000
|
| Soggetti: | |
| Tags: |
Nessun Tag, puoi essere il primo ad aggiungerne!!
|
MARC
| LEADER | 00000nam a2200000 4500 | ||
|---|---|---|---|
| 001 | c123842 | ||
| 005 | 20240104101508.4 | ||
| 020 | |a 80-08-02898-X | ||
| 041 | 0 | |a ger | |
| 041 | 0 | |a slo | |
| 044 | |a SK | ||
| 245 | 1 | 0 | |a Nemecko-slovenský ekonomický slovník |c Eva Ondrčková, Danuša Lišková, Jana Pospíšilová |
| 264 | 1 | |a Bratislava |b Slovenské pedagogické nakladateľstvo |c 2000 | |
| 300 | |a 995 s. | ||
| 610 | 2 | 0 | |a terminológia |
| 610 | 2 | 0 | |a ekonómia |
| 610 | 2 | 0 | |a nemčina |
| 610 | 2 | 0 | |a slovenčina |
| 100 | 1 | |a Ondrčková, Eva | |
| 700 | 1 | |a Lišková, Danuša | |
| 700 | 1 | |a Pospíšilová, Jana, 1950- | |